| Tag |
First Indicator |
Second Indicator |
Subfields |
| LEADER |
00000cam a2200000 a 4500 |
| 001 |
in00001432913 |
| 005 |
20151020101323.0 |
| 008 |
860410s1986 cau b 000 0 eng d |
| 035 |
|
|
|a (OCoLC)13415233
|
| 035 |
|
|
|9 AHS7941AM
|
| 040 |
|
|
|a EEX
|c EEX
|d VPI
|d PIT
|d NLM
|d OCL
|d TXA
|d UtOrBLW
|
| 049 |
|
|
|a TXAM
|
| 060 |
0 |
0 |
|a HH709
|a [W 275 AA1]
|
| 069 |
0 |
|
|a 9313132
|
| 090 |
|
|
|a HD7102.U4
|b G85 1986
|
| 245 |
0 |
0 |
|a Guidelines for estimating the costs of demonstration waivers to Medicare and Medicaid /
|c Judith Fernandez [and others].
|
| 264 |
|
1 |
|a Santa Monica, CA :
|b Rand,
|c [1986]
|
| 300 |
|
|
|a x, 84 pages ;
|c 28 cm.
|
| 336 |
|
|
|a text
|b txt
|2 rdacontent
|
| 337 |
|
|
|a unmediated
|b n
|2 rdamedia
|
| 338 |
|
|
|a volume
|b nc
|2 rdacarrier
|
| 490 |
1 |
|
|a Rand note ;
|v N-2407-HCFA
|
| 500 |
|
|
|a "Rand publications series."
|
| 500 |
|
|
|a "February 1986."
|
| 500 |
|
|
|a "Prepared for the Health Care Financing Administration, U.S. Department of Health and Human Services."
|
| 500 |
|
|
|a Supersedes Guidelines for the preparation of demonstration project waiver cost estimates, December 1981.
|
| 504 |
|
|
|a Includes bibliographical references.
|
| 650 |
|
0 |
|a Medicare
|x Costs.
|
| 650 |
|
0 |
|a Medicare
|x Estimates.
|
| 650 |
|
0 |
|a Medicaid
|x Costs.
|
| 650 |
|
0 |
|a Medicaid
|x Estimates.
|
| 650 |
|
2 |
|a Health Services Research
|x economics
|z United States.
|
| 650 |
|
2 |
|a Medical Assistance
|x economics
|z United States.
|
| 650 |
|
2 |
|a Pilot Projects.
|
| 700 |
1 |
|
|a Fernandez, Judith C.,
|d 1948-
|
| 710 |
1 |
|
|a United States.
|b Health Care Financing Administration.
|
| 740 |
0 |
|
|a Guidelines for the preparation of demonstration project waiver cost estimates.
|
| 830 |
|
0 |
|a Rand note ;
|v N-2407-HCFA.
|
| 948 |
|
|
|a c:cer
|
| 999 |
|
|
|a MARS
|
| 999 |
f |
f |
|s 262cc08c-bb84-3eec-9298-b84b4a6ad653
|i 49dc1ffb-c944-3ddb-98b8-06d5fe81d05e
|t 0
|
| 952 |
f |
f |
|p ric
|a Texas A&M University
|b Rellis Campus
|c Joint Library Facility
|d Remote Storage
|t 0
|e HD7102.U4 G85 1986
|h Library of Congress classification
|i unmediated -- volume
|m A14823536158
|
| 998 |
f |
f |
|a HD7102.U4 G85 1986
|t 0
|l Remote Storage
|